[Event "Barcelona Ponce Memorial 3rd"]
[Site "Barcelona"]
[Date "2018.06.02"]
[Round "9"]
[White "Varela Cuadrado, Cesar M"]
[Black "Gomez Pardo Gordillo, Victor"]
[Result "1/2-1/2"]
[WhiteElo "1811"]
[BlackElo "2110"]
[PlyCount "122"]
[EventDate "2018.04.07"]
[EventType "swiss"]
[EventRounds "9"]
[EventCountry "ESP"]
[SourceTitle "CBM 184 Extra"]
[Source "ChessBase"]
[SourceDate "2018.06.28"]
[SourceVersion "1"]
[SourceVersionDate "2018.06.28"]
[SourceQuality "1"]

1. e4 e6 2. Nc3 d5 3. f4 Nf6 4. e5 Nfd7 5. Nf3 c5 6. g3 Nc6 7. Bg2 Be7 8. 0-0 0-0 9. d3 Rb8 10. Ne2 b5 11. g4 f6 12. exf6 Nxf6 13. g5 Ne8 14. Ng3 Bd7 15. Bd2 Bd6 16. Nh4 g6 17. c3 Qc7 18. Qg4 Ng7 19. Rae1 Ne7 20. c4 bxc4 21. dxc4 Rxb2 22. Bc3 Rxa2 23. Bxg7 Kxg7 24. cxd5 Rxg2+ 25. Nxg2 exd5 26. Rxe7+ Bxe7 27. f5 Bd6 28. f6+ Kg8 29. Qf3 Bc6 30. Ne3 Bxg3 31. hxg3 d4 32. Nd5 Kh8 33. Nxc7 Bxf3 34. Rxf3 Rf7 35. Ne6 h6 36. gxh6 c4 37. Nxd4 Kh7 38. g4 Kxh6 39. Ne6 g5 40. Rh3+ Kg6 41. Rh5 Kxf6 42. Rh6+ Ke5 43. Nxg5 Rg7 44. Rh5 c3 45. Nf3+ Ke4 46. Ne1 Ke3 47. Re5+ Kd2 48. Kf2 Rxg4 49. Re2+ Kd1 50. Kf3 Rf4+ 51. Ke3 Re4+ 52. Kxe4 Kxe2 53. Kd4 Kd2 54. Kc4 a5 55. Nf3+ Kc2 56. Nd4+ Kb2 57. Ne2 c2 58. Kd3 a4 59. Kd2 a3 60. Nc1 Kb1 61. Na2 Kb2 1/2-1/2

[Event "Barcelona Ponce Memorial 3rd"]
[Site "Barcelona"]
[Date "2018.05.19"]
[Round "7"]
[White "Cervello Tost, Roger"]
[Black "Gomez Pardo Gordillo, Victor"]
[Result "1/2-1/2"]
[WhiteElo "1972"]
[BlackElo "2110"]
[PlyCount "115"]
[EventDate "2018.04.07"]
[EventType "swiss"]
[EventRounds "9"]
[EventCountry "ESP"]
[SourceTitle "CBM 184 Extra"]
[Source "ChessBase"]
[SourceDate "2018.06.28"]
[SourceVersion "1"]
[SourceVersionDate "2018.06.28"]
[SourceQuality "1"]

1. e4 e6 2. d4 d5 3. Nc3 Nf6 4. e5 Nfd7 5. f4 c5 6. Nf3 Nc6 7. Be3 Qb6 8. a3 a6 9. Rb1 cxd4 10. Nxd4 Qc7 11. g3 Nb6 12. Bh3 Nc4 13. Bf2 Bc5 14. 0-0 Bd7 15. Nce2 b5 16. c3 0-0 17. Kh1 Ba7 18. Nxc6 Bxc6 19. Nd4 Bd7 20. Qe2 Rae8 21. Rbe1 Bc8 22. Bg1 Bb7 23. Bg2 Ba8 24. h4 Bxd4 25. Bxd4 Nb6 26. h5 Nd7 27. Bh3 Nc5 28. Qe3 Ne4 29. Bg2 Rc8 30. Kh2 Qc4 31. g4 Qc7 32. Kg1 Qe7 33. Bxe4 dxe4 34. Qg3 e3 35. Rxe3 Rfd8 36. f5 Qb7 37. fxe6 fxe6 38. Ref3 Rf8 39. Rxf8+ Rxf8 40. Rxf8+ Kxf8 41. Kf2 Qf7+ 42. Ke2 Bd5 43. Ke3 Ke8 44. Qf4 Qxf4+ 45. Kxf4 Bb3 46. Kg5 Kf7 47. Bc5 a5 48. h6 a4 49. hxg7 Kxg7 50. Be7 Bc2 51. Bf6+ Kf7 52. Kf4 Ke8 53. Ke3 Kd7 54. Kd4 Bg6 55. c4 bxc4 56. Kxc4 Bc2 57. Kb4 Kc6 58. Kc3 1/2-1/2

[Event "Barcelona Ponce Memorial 3rd"]
[Site "Barcelona"]
[Date "2018.05.12"]
[Round "6"]
[White "Gomez Pardo Gordillo, Victor"]
[Black "Garcia Ruiz, Adrian"]
[Result "0-1"]
[WhiteElo "2110"]
[BlackElo "1964"]
[PlyCount "72"]
[EventDate "2018.04.07"]
[EventType "swiss"]
[EventRounds "9"]
[EventCountry "ESP"]
[SourceTitle "CBM 184 Extra"]
[Source "ChessBase"]
[SourceDate "2018.06.28"]
[SourceVersion "1"]
[SourceVersionDate "2018.06.28"]
[SourceQuality "1"]

1. e4 e6 2. d4 d5 3. Nc3 Nf6 4. Bg5 Be7 5. e5 Nfd7 6. h4 a6 7. Qg4 Kf8 8. Bxe7+ Qxe7 9. f4 c5 10. Nf3 Nc6 11. dxc5 Nxc5 12. 0-0-0 b5 13. Bd3 b4 14. Ne2 h5 15. Qg3 a5 16. Nfd4 Nxd4 17. Nxd4 Bd7 18. f5 Nxd3+ 19. Qxd3 exf5 20. Nxf5 Bxf5 21. Qxf5 Rd8 22. Rhf1 Rh6 23. Rde1 Kg8 24. Re2 Re8 25. g3 Qe6 26. Qf3 Re7 27. Rd1 Rd7 28. Qd3 d4 29. Kb1 Qd5 30. Re4 Re6 31. Rde1 Qc5 32. Qf3 Rc6 33. Rc1 d3 34. e6 fxe6 35. Re5 dxc2+ 36. Ka1 Rd1 0-1

[Event "Barcelona Ponce Memorial 3rd"]
[Site "Barcelona"]
[Date "2018.04.21"]
[Round "3"]
[White "Gomez Pardo Gordillo, Victor"]
[Black "Daguro Dasalla, Armando"]
[Result "1-0"]
[WhiteElo "2110"]
[BlackElo "1944"]
[PlyCount "49"]
[EventDate "2018.04.07"]
[EventType "swiss"]
[EventRounds "9"]
[EventCountry "ESP"]
[SourceTitle "CBM 184 Extra"]
[Source "ChessBase"]
[SourceDate "2018.06.28"]
[SourceVersion "1"]
[SourceVersionDate "2018.06.28"]
[SourceQuality "1"]

1. e4 e5 2. Nf3 Nf6 3. Nxe5 d6 4. Nf3 Nxe4 5. Nc3 Nxc3 6. dxc3 Be7 7. Be3 Be6 8. Nd4 Qd7 9. Qf3 c6 10. Bd3 0-0 11. Nf5 Bxf5 12. Bxf5 Qc7 13. Qh3 g6 14. Bh6 Re8 15. 0-0 Bf6 16. Rfe1 Na6 17. Bd7 Red8 18. Qf3 Bg7 19. Re7 Rf8 20. Bxg7 Kxg7 21. Rae1 Nc5 22. Bg4 Qb6 23. b4 Na4 24. Be6 h5 25. Bxf7 1-0

[Event "Hospitalet de Llobregat Ponce 3rd"]
[Site "Hospitalet de Llobregat"]
[Date "2017.05.27"]
[Round "8"]
[White "Gomez Pardo Gordillo, Victor"]
[Black "Salazar Navas, Josep"]
[Result "1-0"]
[WhiteElo "2152"]
[BlackElo "1744"]
[PlyCount "35"]
[EventDate "2017.04.01"]
[EventType "swiss"]
[EventRounds "9"]
[EventCountry "ESP"]
[SourceTitle "EXT 2018"]
[Source "ChessBase"]
[SourceDate "2017.10.13"]
[SourceVersion "1"]
[SourceVersionDate "2017.10.13"]
[SourceQuality "1"]

1. e4 d5 2. exd5 Nf6 3. d4 Nxd5 4. Nf3 g6 5. c4 Nb6 6. a4 a5 7. c5 Nd5 8. Bc4 Bg7 9. Qb3 c6 10. Nc3 e6 11. 0-0 0-0 12. Ne4 b6 13. Bg5 Qc7 14. Bxd5 exd5 15. cxb6 Qd7 16. Nc5 Qg4 17. b7 Bxb7 18. Qxb7 1-0

[Event "Hospitalet de Llobregat Ponce 3rd"]
[Site "Hospitalet de Llobregat"]
[Date "2017.05.20"]
[Round "7"]
[White "Garcia Ruiz, Adrian"]
[Black "Gomez Pardo Gordillo, Victor"]
[Result "1-0"]
[WhiteElo "1916"]
[BlackElo "2152"]
[PlyCount "55"]
[EventDate "2017.04.01"]
[EventType "swiss"]
[EventRounds "9"]
[EventCountry "ESP"]
[SourceTitle "EXT 2018"]
[Source "ChessBase"]
[SourceDate "2017.10.13"]
[SourceVersion "1"]
[SourceVersionDate "2017.10.13"]
[SourceQuality "1"]

1. d4 Nf6 2. c4 d6 3. Nf3 g6 4. Nc3 Bg7 5. e4 0-0 6. h3 e5 7. d5 Ne8 8. g4 Na6 9. g5 f5 10. Be3 Nc5 11. Qc2 fxe4 12. Nd2 Bf5 13. Ndxe4 Nxe4 14. Nxe4 c6 15. dxc6 bxc6 16. Bd3 d5 17. Ng3 Bxd3 18. Qxd3 e4 19. Qc2 Rb8 20. 0-0 Rxb2 21. Qa4 Qd6 22. cxd5 cxd5 23. Rad1 Qe6 24. Bc1 Rb7 25. Kg2 Rf3 26. Be3 Nd6 27. Bxa7 Nc4 28. Bc5 1-0

[Event "Barcelona Ideal Clave op 20th"]
[Site "Barcelona"]
[Date "2016.10.22"]
[Round "4"]
[White "Millan Hernandez, Marc"]
[Black "Gomez Pardo Gordillo, Victor"]
[Result "0-1"]
[WhiteElo "1797"]
[BlackElo "2140"]
[PlyCount "78"]
[EventDate "2016.10.01"]
[EventType "swiss"]
[EventRounds "8"]
[EventCountry "ESP"]
[SourceTitle "EXT 2018"]
[Source "ChessBase"]
[SourceDate "2017.10.13"]
[SourceVersion "1"]
[SourceVersionDate "2017.10.13"]
[SourceQuality "1"]

1. e4 e6 2. d4 d5 3. Nd2 Nf6 4. e5 Nfd7 5. Bd3 c5 6. c3 Nc6 7. Ne2 Qb6 8. Nf3 f6 9. Nf4 Nd8 10. 0-0 Be7 11. c4 cxd4 12. exf6 Bxf6 13. cxd5 e5 14. Nh5 Nf7 15. Re1 0-0 16. Qc2 h6 17. Bf5 Re8 18. Qe4 Qd8 19. Bg6 Nf8 20. Nxf6+ gxf6 21. Bxf7+ Kxf7 22. Bxh6 Ng6 23. Qc2 Qd6 24. g3 Bd7 25. Nd2 b6 26. Ne4 Qe7 27. Bd2 Kg7 28. Bb4 Qd8 29. Rec1 f5 30. Nd6 Rh8 31. Qd3 Rh5 32. f4 exf4 33. Qxd4+ Kh7 34. Nf7 Qg8 35. Ne5 Nh4 36. Rc7 Rd8 37. Be7 fxg3 38. Bxd8 gxh2+ 39. Kh1 Qg2# 0-1

[Event "Barcelona Ideal Clave op 20th"]
[Site "Barcelona"]
[Date "2016.10.15"]
[Round "3"]
[White "Gomez Pardo Gordillo, Victor"]
[Black "Hernandez Funes, Hector"]
[Result "1-0"]
[WhiteElo "2140"]
[BlackElo "1940"]
[PlyCount "103"]
[EventDate "2016.10.01"]
[EventType "swiss"]
[EventRounds "8"]
[EventCountry "ESP"]
[SourceTitle "EXT 2018"]
[Source "ChessBase"]
[SourceDate "2017.10.13"]
[SourceVersion "1"]
[SourceVersionDate "2017.10.13"]
[SourceQuality "1"]

1. e4 c5 2. Nc3 Nc6 3. f4 d6 4. Nf3 g6 5. Bc4 e6 6. f5 Bg7 7. d3 Ne5 8. Nxe5 Bxe5 9. Qf3 Qh4+ 10. Ke2 Qf6 11. Rf1 Bd7 12. Bg5 Qxg5 13. fxe6 f6 14. exd7+ Kd8 15. g3 h5 16. Rf2 Ne7 17. Nd1 a6 18. c3 Kxd7 19. Ne3 b5 20. Bd5 b4 21. Bxa8 Rxa8 22. Nc4 bxc3 23. Nb6+ Kc6 24. Nxa8 cxb2 25. Rd1 Qc1 26. Rff1 Qc2+ 27. Rd2 b1Q 28. Rxb1 Qxb1 29. Rd1 Qb7 30. Qf1 Bc3 31. Rb1 Qxa8 32. Qd1 Kc7 33. Qb3 Be5 34. Qe6 Qe8 35. a4 a5 36. Qb3 Kd7 37. Qb5+ Nc6 38. Qb7+ Ke6 39. Rb6 Nd4+ 40. Kf1 Qxa4 41. Qd5+ Ke7 42. Rb7+ Qd7 43. Rxd7+ Kxd7 44. Qb7+ Ke6 45. Qa6 h4 46. Kg2 hxg3 47. hxg3 Ne2 48. g4 Nf4+ 49. Kf3 g5 50. Qxa5 Nxd3 51. Qd8 Ne1+ 52. Ke2 1-0

[Event "Barcelona Ideal Clave op 20th"]
[Site "Barcelona"]
[Date "2016.10.01"]
[Round "1"]
[White "Gomez Pardo Gordillo, Victor"]
[Black "Rodriguez Guillen, Carlos"]
[Result "1-0"]
[WhiteElo "2140"]
[BlackElo "1675"]
[PlyCount "65"]
[EventDate "2016.10.01"]
[EventType "swiss"]
[EventRounds "8"]
[EventCountry "ESP"]
[SourceTitle "EXT 2018"]
[Source "ChessBase"]
[SourceDate "2017.10.13"]
[SourceVersion "1"]
[SourceVersionDate "2017.10.13"]
[SourceQuality "1"]

1. e4 e6 2. d4 d5 3. Nc3 Bb4 4. e5 c5 5. a3 Bxc3+ 6. bxc3 Ne7 7. a4 Qc7 8. Nf3 Nbc6 9. Bd3 Bd7 10. Ba3 cxd4 11. cxd4 Nxd4 12. 0-0 Nxf3+ 13. Qxf3 Qxe5 14. Rfe1 Qg5 15. Bb2 Ng6 16. Bxg7 Nh4 17. Qg3 Qxg3 18. hxg3 Rg8 19. Bf6 Ng6 20. f4 Ne7 21. Kf2 Ng6 22. Rh1 Nf8 23. a5 Rc8 24. c3 Bc6 25. Bxh7 Nxh7 26. Rxh7 Rg6 27. Bd4 a6 28. Rah1 Ke7 29. f5 exf5 30. Bc5+ Kf6 31. Re1 Re8 32. Bd4+ Kg5 33. Reh1 1-0

[Event "Llobregat Garcia Memorial 7th"]
[Site "Llobregat"]
[Date "2016.04.30"]
[Round "4"]
[White "Gomez Pardo Gordillo, Victor"]
[Black "Rodriguez Regull, German"]
[Result "1-0"]
[WhiteElo "2126"]
[BlackElo "2017"]
[PlyCount "78"]
[EventDate "2016.04.09"]
[EventType "swiss"]
[EventRounds "9"]
[EventCountry "ESP"]
[SourceTitle "EXT 2017"]
[Source "ChessBase"]
[SourceDate "2016.10.25"]
[SourceVersion "1"]
[SourceVersionDate "2016.10.25"]
[SourceQuality "1"]

1. e4 Nf6 2. e5 Nd5 3. d4 d6 4. Nf3 g6 5. Bc4 Nb6 6. Bb3 d5 7. 0-0 Bg7 8. c3 0-0 9. Bf4 Nc6 10. Re1 Be6 11. Nbd2 Na5 12. Bc2 Nac4 13. b3 Nxd2 14. Qxd2 Qd7 15. Nh4 a5 16. Bh6 a4 17. Bxg7 Kxg7 18. f4 f5 19. exf6+ exf6 20. f5 gxf5 21. Bxf5 Rae8 22. Rxe6 Rxe6 23. Qf4 Kh8 24. Qh6 Rf7 25. Ng6+ Kg8 26. Nf4 Rfe7 27. Rf1 axb3 28. axb3 Nc8 29. Nxe6 Rxe6 30. Bxe6+ Qxe6 31. Rxf6 Qe1+ 32. Rf1 Qe7 33. Qh5 Nb6 34. Qf5 c6 35. Qg4+ Kh8 36. Qg3 Nd7 37. Re1 Qf8 38. Qc7 Nf6 39. Qe5 h5 1-0

[Event "Barcelona op 09"]
[Site "Barcelona"]
[Date "2011.10.07"]
[Round "2"]
[White "Perez Mitjans, Orelvis"]
[Black "Gomez Pardo Gordillo, Victor"]
[Result "1-0"]
[WhiteElo "2457"]
[BlackElo "2162"]
[PlyCount "107"]
[EventDate "2011.09.30"]
[EventType "swiss"]
[EventRounds "6"]
[EventCountry "ESP"]
[SourceTitle "EXT 2013"]
[Source "ChessBase"]
[SourceDate "2012.11.22"]
[SourceVersion "1"]
[SourceVersionDate "2012.11.22"]
[SourceQuality "1"]

1. e4 c5 2. Nf3 d6 3. d4 cxd4 4. Qxd4 Nc6 5. Bb5 Bd7 6. Bxc6 bxc6 7. e5 d5 8. 0-0 e6 9. Nc3 Qc7 10. Bf4 Ne7 11. Qd3 a6 12. Rad1 Ng6 13. Bg3 c5 14. Nxd5 Qb7 15. Ne3 Be7 16. Nd2 Bc6 17. Ndc4 0-0 18. Na5 Qc7 19. Nxc6 Qxc6 20. Nc4 Rfd8 21. Qe2 Rd5 22. Ne3 Rxd1 23. Rxd1 Rd8 24. Rxd8+ Bxd8 25. Qd3 Bc7 26. Nc4 Kf8 27. h4 Qd5 28. h5 Ne7 29. f4 Qxd3 30. cxd3 Nd5 31. a3 f6 32. Kf2 Ke7 33. Kf3 Kd7 34. Bf2 Kc6 35. g4 Ne7 36. Bh4 Nd5 37. Ke4 Kd7 38. Bf2 fxe5 39. fxe5 Kc6 40. Be1 Bd8 41. Bd2 h6 42. Nd6 Be7 43. Nf7 Kb5 44. b3 Kc6 45. Nh8 Kd7 46. Ng6 Bg5 47. Bxg5 hxg5 48. Nf8+ Ke7 49. Nh7 Nc3+ 50. Ke3 Nb5 51. Nxg5 Nxa3 52. Ne4 Nc2+ 53. Kf4 Nd4 54. Nxc5 1-0

[Event "Sant Adria 6th"]
[Site "Sant Adria de Besos"]
[Date "2010.05.09"]
[Round "5"]
[White "Sanchez Criado, Lluis"]
[Black "Gomez Pardo Gordillo, Victor"]
[Result "1/2-1/2"]
[WhiteElo "2168"]
[BlackElo "2052"]
[PlyCount "118"]
[EventDate "2010.04.11"]
[EventType "swiss"]
[EventRounds "8"]
[EventCountry "ESP"]
[SourceTitle "EXT 2024"]
[Source "ChessBase"]
[SourceDate "2023.10.10"]
[SourceVersion "1"]
[SourceVersionDate "2023.10.10"]
[SourceQuality "1"]

1. d4 Nf6 2. c4 g6 3. Nc3 Bg7 4. Nf3 d6 5. g3 0-0 6. Bg2 c6 7. 0-0 Be6 8. b3 Qc8 9. e4 Bh3 10. e5 dxe5 11. dxe5 Bxg2 12. Kxg2 Ng4 13. Qe2 Qf5 14. Bf4 Nd7 15. Rfe1 g5 16. Nd4 Qg6 17. Qxg4 gxf4 18. Qxf4 e6 19. Rad1 Nc5 20. Qe3 Bh6 21. Nxc6 bxc6 22. Qxc5 Rad8 23. Ne4 Rxd1 24. Nf6+ Kg7 25. Rxd1 Bg5 26. Rd7 Bxf6 27. exf6+ Qxf6 28. Qxa7 h5 29. Qd4 e5 30. Qd1 Qf5 31. h4 Re8 32. Rd6 e4 33. Qd4+ f6 34. Qa7+ Kg6 35. Qe3 Rc8 36. Qf4 Qxf4 37. gxf4 Kf5 38. a3 c5 39. Kg3 Rg8+ 40. Kh3 Rb8 41. Rd5+ Kxf4 42. Rxc5 Rxb3+ 43. Kg2 Rxa3 44. Rxh5 Ra2 45. Rh6 f5 46. Re6 Rc2 47. h5 Rxc4 48. h6 Rc7 49. Rg6 Rh7 50. Kf1 Kf3 51. Rg3+ Kf4 52. Rg6 Ke5 53. Ra6 f4 54. Ra5+ Kf6 55. Ra4 Kf5 56. Ra6 Kg4 57. Ke2 Rb7 58. Rg6+ Kh5 59. Rc6 Rb2+ 1/2-1/2

[Event "Barcelona La Lira Spring op 1st"]
[Site "Barcelona"]
[Date "2008.05.22"]
[Round "7.3"]
[White "Molano Lafuente, Ismael"]
[Black "Gomez Pardo Gordillo, Victor"]
[Result "1-0"]
[WhiteElo "2151"]
[BlackElo "2064"]
[PlyCount "47"]
[EventDate "2008.04.03"]
[EventType "swiss"]
[EventRounds "8"]
[EventCountry "ESP"]
[SourceTitle "EXT 2024"]
[Source "ChessBase"]
[SourceDate "2023.10.10"]
[SourceVersion "1"]
[SourceVersionDate "2023.10.10"]
[SourceQuality "1"]

1. d4 Nf6 2. Nf3 g6 3. Nc3 Bg7 4. e4 d6 5. Be3 0-0 6. Qd2 c6 7. h3 Qa5 8. Bd3 Na6 9. g4 e5 10. Bh6 exd4 11. Nxd4 Nc5 12. Bxg7 Kxg7 13. f3 Qb4 14. Be2 Na4 15. Nxa4 Qxa4 16. h4 c5 17. Nb5 Nxe4 18. fxe4 Bxg4 19. Nc3 Qd7 20. 0-0-0 Bxe2 21. Nxe2 Rad8 22. h5 Kg8 23. Rdg1 Kg7 24. Ng3 1-0